| 000 | nam a22 7a 4500 | ||
|---|---|---|---|
| 999 |
_c29600 _d29600 |
||
| 008 | 180424b xxu||||| |||| 00| 0 eng d | ||
| 020 | _a9780077699604 | ||
| 050 | _aKF 390 .B84K83 2013 | ||
| 100 | _aKubasek, Nancy. | ||
| 245 |
_aDynamic business law : _bthe essentials / _cNancy Kubasek, M. Neil Browne, Daniel J. Herron, Lucien J. Dhooge, Linda Barkacs. |
||
| 250 | _a2nd ed | ||
| 260 |
_aNew york : _bMc graw hill, _c2013. |
||
| 300 |
_axxx, 510, 97p. _c28cm. |
||
| 500 | _aIncludes index. | ||
| 650 | _aCommercial law. | ||
| 700 | _aBrowne, Neil M. | ||
| 700 | _aHerron, Daniel J. | ||
| 700 | _aDhooge, Lucien J. | ||
| 700 | _aBarkacs Linda. | ||
| 942 |
_2lcc _cBOOKS _hKF 390 .B84K83 2013 |
||